00462 2200181 4500001002100000008004100021035002000062245007200082260002600154300001500180084001700195082001100212650000900223990001200232990001200244990001200256990001200268INLIS000000000000773 ind  a0010-0722000322 aMemetik Hikmah Dari Kisah Teladan 25 Nabi & RasulcBurhan Rahimsyah aJombangbLintas Media a128c24 cm a297.34 BUR m a297.34 aNabi aDI.1977 aDI.1978 aDI.2033 aDI.2032